000 00258nam a2200097Ia 4500
005 20251222154424.0
008 251222s9999||||xx |||||||||||||| ||spa||
082 _aREF.985.008/C76/T.XIV/V.I
245 0 _aObra gubernativa y epistolario de BolĂ­var
942 _cLIB
999 _c36137
_d36137